000
00271nam a2200109Ia 4500
008
230907s9999||||xx |||||||||||||| ||und||
082
_a
621.319
_b
MEH
245
0
_a
Principles of power system /
260
_a
S. Chand,
_b
New Delhi :
_c
2019
300
_a
608 p.
942
_c
BK
999
_c
600616
_d
600616